ஆத்ம விசாரம்/ (Record no. 91851)

MARC details
000 -LEADER
fixed length control field 00401nam a22001457a 4500
005 - DATE AND TIME OF LATEST TRANSACTION
control field 20260305110555.0
008 - FIXED-LENGTH DATA ELEMENTS--GENERAL INFORMATION
fixed length control field 260305b |||||||| |||| 00| 0 eng d
041 ## - LANGUAGE CODE
Language code of text/sound track or separate title tam
082 ## - DEWEY DECIMAL CLASSIFICATION NUMBER
Classification number 894.8113
100 ## - MAIN ENTRY--AUTHOR NAME
Personal name அச. பாய்வா
245 ## - TITLE STATEMENT
Title ஆத்ம விசாரம்/
260 ## - PUBLICATION, DISTRIBUTION, ETC. (IMPRINT)
Place of publication ஆரையம்பதி;
Name of publisher மறுகா ,
Year of publication 2008
300 ## - PHYSICAL DESCRIPTION
Extent (Pages) 77பக்
942 ## - ADDED ENTRY ELEMENTS (KOHA)
Koha item type Book
Holdings
Withdrawn status Lost status Not for loan Collection code Permanent Location Current Location Shelving location Date acquired Full call number Accession Number Koha item type
      Lending Collection Main Library, Eastern University, Sri Lanka Main Library, Eastern University, Sri Lanka Lending Section 05/03/2026 894.8113 92575 Lending Book
Copyright © 2023 Main Library, Eastern University, Sri Lanka, Vantharumoolai, Chenkaldy, Sri Lanka
Tel: +94 65 2240213 | Email:librarian@esn.ac.lk